<?xml version="1.0" encoding="UTF-8"?>
<record
    xmlns:xsi="http://www.w3.org/2001/XMLSchema-instance"
    xsi:schemaLocation="http://www.loc.gov/MARC21/slim http://www.loc.gov/standards/marcxml/schema/MARC21slim.xsd"
    xmlns="http://www.loc.gov/MARC21/slim">

  <leader>01638nam a22002657a 4500</leader>
  <datafield tag="999" ind1=" " ind2=" ">
    <subfield code="c">330</subfield>
    <subfield code="d">330</subfield>
  </datafield>
  <controlfield tag="003">OSt</controlfield>
  <controlfield tag="005">20190422200247.0</controlfield>
  <controlfield tag="008">160303b        xxu||||| |||| 00| 0 esp d</controlfield>
  <datafield tag="040" ind1=" " ind2=" ">
    <subfield code="c">DO-SdBHA</subfield>
    <subfield code="a">DO-SdBHA</subfield>
    <subfield code="b">spa</subfield>
  </datafield>
  <datafield tag="090" ind1=" " ind2=" ">
    <subfield code="a">TG EGES</subfield>
    <subfield code="b">00306 2010</subfield>
  </datafield>
  <datafield tag="100" ind1="1" ind2=" ">
    <subfield code="a">Th&#xF3;mas Hidalgo, Di&#xF3;genes </subfield>
    <subfield code="e">sustentante</subfield>
  </datafield>
  <datafield tag="245" ind1="1" ind2="0">
    <subfield code="a">Innovaci&#xF3;n operacional de las Fuerzas Armadas para contrarrestar los efectos del cambio clim&#xE1;tico en la Rep&#xFA;blica Dominicana, 2004-2009 / </subfield>
    <subfield code="c"> Di&#xF3;genes Th&#xF3;mas Hidalgo; Jos&#xE9; Luis Santos Almonte, asesores Milton Fr&#xED;as G&#xF3;mez, Fanny Torres</subfield>
  </datafield>
  <datafield tag="260" ind1=" " ind2=" ">
    <subfield code="a">Santo Domingo :</subfield>
    <subfield code="b">INSUDE, </subfield>
    <subfield code="c">2010</subfield>
  </datafield>
  <datafield tag="300" ind1=" " ind2=" ">
    <subfield code="a">iii, 86 hojas, ilustraciones</subfield>
  </datafield>
  <datafield tag="502" ind1=" " ind2=" ">
    <subfield code="a">Tesis (Especialidad en Comando y Estado Mayor Conjunto). --  Instituto Superior para la Defensa (INSUDE). Escuela de Graduados de Educaci&#xF3;n Superior &#x201C;General Juan Pablo Duarte y D&#xED;ez&#x201D;, 2010.</subfield>
  </datafield>
  <datafield tag="504" ind1=" " ind2=" ">
    <subfield code="a">Incluye referencias bibliogr&#xE1;ficas e &#xED;ndices</subfield>
  </datafield>
  <datafield tag="505" ind1=" " ind2=" ">
    <subfield code="a">Efectos del cambio clim&#xE1;tico en la R. D. -- Estructura organizacional de las Fuerzas Armadas Dominicanas. -- Rol Ambiental de las Fuerzas Armadas Dominicanas.  Innovaci&#xF3;n operacional de las Fuerzas Armadas para contrarrestar los efectos del cambio clim&#xE1;tico en Rep. Dom.
</subfield>
  </datafield>
  <datafield tag="650" ind1=" " ind2="4">
    <subfield code="a">Calentamiento global -- Cambio clim&#xE1;tico</subfield>
  </datafield>
  <datafield tag="651" ind1=" " ind2="4">
    <subfield code="a">Rep&#xFA;blica Dominicana -- Clima -- Fuerzas Armadas </subfield>
  </datafield>
  <datafield tag="700" ind1="1" ind2=" ">
    <subfield code="a">Santos Almonte, Jos&#xE9; Luis  </subfield>
    <subfield code="e">sustentante</subfield>
  </datafield>
  <datafield tag="700" ind1="1" ind2=" ">
    <subfield code="a"> Fr&#xED;as G&#xF3;mez, Milton</subfield>
    <subfield code="e">asesor</subfield>
  </datafield>
  <datafield tag="700" ind1="1" ind2=" ">
    <subfield code="a">Torres, Fanny</subfield>
    <subfield code="e">asesor </subfield>
  </datafield>
  <datafield tag="830" ind1=" " ind2=" ">
    <subfield code="a">INSUDE. Escuela de Graduados de Educaci&#xF3;n Superior &#x201C;General Juan Pablo Duarte y D&#xED;ez&#x201D;. Tesis y disertaciones acad&#xE9;micas</subfield>
  </datafield>
  <datafield tag="942" ind1=" " ind2=" ">
    <subfield code="2">CL</subfield>
    <subfield code="c">T</subfield>
  </datafield>
  <datafield tag="952" ind1=" " ind2=" ">
    <subfield code="0">0</subfield>
    <subfield code="1">0</subfield>
    <subfield code="2">CL</subfield>
    <subfield code="4">0</subfield>
    <subfield code="7">1</subfield>
    <subfield code="8">TG</subfield>
    <subfield code="a">BJHA</subfield>
    <subfield code="b">BJHA</subfield>
    <subfield code="d">2016-03-03</subfield>
    <subfield code="i">10-00306</subfield>
    <subfield code="l">0</subfield>
    <subfield code="o">TG EGES 00306 2010</subfield>
    <subfield code="p">10-00306</subfield>
    <subfield code="r">2018-10-06 00:00:00</subfield>
    <subfield code="t">e.1</subfield>
    <subfield code="w">2016-03-03</subfield>
    <subfield code="y">T</subfield>
  </datafield>
  <datafield tag="952" ind1=" " ind2=" ">
    <subfield code="0">0</subfield>
    <subfield code="1">0</subfield>
    <subfield code="2">CL</subfield>
    <subfield code="4">0</subfield>
    <subfield code="7">1</subfield>
    <subfield code="8">TG</subfield>
    <subfield code="a">BJHA</subfield>
    <subfield code="b">BJHA</subfield>
    <subfield code="d">2016-03-03</subfield>
    <subfield code="i">10-00307</subfield>
    <subfield code="l">0</subfield>
    <subfield code="o">TG EGES 00306 2010</subfield>
    <subfield code="p">10-00307</subfield>
    <subfield code="r">2018-10-06 00:00:00</subfield>
    <subfield code="t">e.2</subfield>
    <subfield code="w">2016-03-03</subfield>
    <subfield code="y">T</subfield>
  </datafield>
</record>
